[Event "Kragero Resort Chess A 2019"]
[Site "Kragero"]
[Date "2019.02.24"]
[Round "9.6"]
[White "Vrolijk, Liam"]
[Black "Osmak, Iulija"]
[Result "0-1"]
[WhiteElo "2470"]
[BlackElo "2394"]
[Annotator "TA"]
[PlyCount "74"]
[EventDate "2019.02.20"]
[EventType "swiss"]
[EventCountry "NOR"]
[SourceTitle "playchess.com"]
[Source "ChessBase"]
[SourceQuality "1"]

{[%evp 15,74,20,30,19,19,23,14,16,12,9,22,9,21,7,18,-233,-242,-238,-233,-237,-160,-212,-137,-467,-343,-513,-501,-508,-488,-520,-482,-511,-492,-756,-766,-781,-755,-815,-819,-895,-863,-1485,-1086,-1601,-911,-1112,-889,-2416,-2178,-29992,-29993,-29993,-29994,-29994,-29995,-29997,-29998,-29999,-29994,-29996,-724]} 1. d4 d5 2. c4 c6 3. Nf3 Nf6 4. Nc3 dxc4 5. a4 Bf5 6. Ne5 Nbd7 7. Nxc4 Nb6 8. Ne5 a5 9. h4 {D17: Slav Defence: 5 a4 Bf5: Lines with 6 Nh4 and 6 Ne5} (9. e3 Nfd7 10. Bd3 Bxd3 11. Nxd3 e6 12. O-O Be7 13. Qb3 O-O 14. e4 Ra6 15. Be3 Qb8 16. Rac1 Rd8 {1-0 (37) Giri,A (2782)-Aronian,L (2767) chess.com INT 2018}) 9... e6 10. f3 h6 11. e4 {The position is equal.} Bh7 $1 12. Be3 Nfd7 13. Nd3 Bd6 14. Ne2 Nc4 {[#]} 15. Bf2 $146 {[%mdl 8192] [#]} (15. Bg1 $11 {and White is okay.}) ({Predecessor:} 15. Bg1 O-O 16. Qb3 b5 17. axb5 cxb5 18. Qxb5 {0-1 (40) Parligras,M (2595)-Solak,D (2635) Kragujevac 2016}) 15... Nxb2 $1 $19 {[%mdl 512]} 16. Qb3 (16. Nxb2 Bb4+) 16... Nxd3+ 17. Qxd3 e5 18. Rd1 (18. Nc3 $17 {was called for.}) 18... O-O 19. g3 $2 {[%mdl 8192]} (19. Nc3 $17 {is more resistant.}) 19... f5 20. Nc3 (20. Be3 $142 fxe4 21. Qb3+ Kh8 22. f4) 20... fxe4 21. Nxe4 {White wants to play Qb3+.} Bb4+ 22. Ke2 Kh8 23. Bg2 Qe7 24. d5 (24. Be1 $142 Nf6 25. dxe5 Qxe5 26. Bxb4 Bxe4 27. fxe4 axb4 {[%mdl 64] Discovered Attack} 28. Qd6) 24... Nf6 25. dxc6 bxc6 26. Qc2 Qf7 27. Rhf1 Bg6 {aiming for ...Nxe4.} 28. g4 Nd5 {( -> ...Nf4+)} 29. Be1 Qf4 {[%csl Gd5][%cal Rf4e3]} 30. Rf2 Ne3 {[%mdl 64] Double Attack} 31. Qxc6 Nxd1 32. Qxg6 Qe3+ {[%mdl 64] Double Attack. Black mates.} 33. Kxd1 Qxe1+ 34. Kc2 Rac8+ 35. Kb2 Qc1+ 36. Kb3 Qb1+ 37. Rb2 Rc3+ {Accuracy: White = 21%, Black = 59%.} (37... Qa1 $142 38. Qc6 Rxc6 39. Ra2 {[#]} Rc3+ $1 {[%mdl 512]} 40. Nxc3 Qxc3#) 0-1

[Event "Kragero Resort Chess A 2019"]
[Site "Kragero"]
[Date "2019.02.24"]
[Round "9.7"]
[White "Malakhatko, Vadim"]
[Black "Urkedal, Frode Olav Olsen"]
[Result "1/2-1/2"]
[WhiteElo "2525"]
[BlackElo "2522"]
[Annotator "TA"]
[PlyCount "174"]
[EventDate "2019.02.20"]
[EventType "swiss"]
[EventCountry "NOR"]
[SourceTitle "playchess.com"]
[Source "ChessBase"]
[SourceQuality "1"]

{[%evp 18,174,2,0,8,0,6,0,0,0,0,-16,-4,-10,0,-13,0,-9,0,-35,22,7,39,34,36,37,37,35,30,19,19,29,24,32,29,0,0,0,27,-101,-116,-108,-99,-107,-108,-107,-101,-107,-107,-107,-107,-107,-107,-107,-107,-103,-117,-126,-137,-131,-108,-116,-101,-114,-99,-114,-101,-116,-75,-75,-75,-96,-75,-75,-75,-75,-75,-95,-95,-95,-95,-95,-95,-95,-96,-96,-52,-61,-52,-53,0,0,0,-55,0,-95,-95,-96,-96,-96,-96,-96,0,-96,-96,-97,-96,-110,-109,-110,-81,-110,-110,-110,-110,-110,-110,-110,-110,-110,-110,-110,-110,-110,-110,-110,-110,-110,0,-110,-110,-110,-110,-110,-13,-110,0,-110,-110,-110,-77,-110,-110,-110,0,-110,-18,-71,-24,-110,0,-16,-16,-45,0,0,0,0,0]} 1. d4 Nf6 2. c4 e6 3. Nf3 b6 4. g3 Ba6 5. b3 Bb4+ 6. Bd2 Be7 7. Nc3 d5 8. cxd5 exd5 9. Bg2 O-O 10. O-O Nbd7 {E15: Queen's Indian: 4 g3 sidelines, 4 g3 Ba6 and 4 g3 Bb7 early deviations} 11. Rc1 Re8 12. Rc2 Rc8 $146 ({Predecessor:} 12... Nf8 13. Ne5 Bb7 14. Bc1 Ne6 15. Bb2 a6 16. e3 Ra7 17. Na4 c5 18. dxc5 bxc5 {1-0 (35) Bluebaum,M (2642)-Meskovs,N (2483) Germany 2017}) 13. Bh3 c6 14. Ne5 Nxe5 15. dxe5 Nd7 16. Bf4 Ra8 17. Ne4 Nc5 18. Nxc5 bxc5 (18... Bxc5 $15 19. Qd2 Bb7) 19. Bc1 c4 20. e6 Bf6 21. exf7+ Kxf7 22. bxc4 $1 Bxc4 23. Re1 Kg8 24. Bb2 Bxb2 25. Rxb2 Qf6 26. Qc1 Rab8 27. Rc2 Rf8 28. e3 {[#]} (28. e4 $11) 28... Bd3 $1 $36 {[%cal Rd3c2][%mdl 2048] Keeping White busy.} 29. Rd2 Rb1 30. Qxb1 Bxb1 31. Rxb1 g6 32. Rc2 {[#]} c5 $1 {[%mdl 512]} 33. Rd1 (33. Rxc5 Qxf2+) 33... d4 34. exd4 cxd4 35. Bf1 Kg7 36. Rd3 Rb8 37. Rd1 a5 38. Rcd2 Rd8 39. Rd3 Qd6 40. R1d2 Qc5 41. Rd1 Rd7 42. R1d2 a4 43. h4 Rd6 44. Bg2 h6 45. Bf3 Kf6 46. Kg2 g5 47. hxg5+ hxg5 48. Kg1 Kg7 49. Kg2 Kf8 50. Bd1 Qb4 51. Bf3 Ke7 52. Bd1 Kd8 53. Bf3 Kc7 ({Black should try} 53... Qc4 $15) 54. Rc2+ $11 Kd8 (54... Kd7 $11) 55. Rcd2 $15 Ke7 (55... Qc4 $15) 56. Bg4 (56. Bd1 $1 $11) 56... Kf6 $17 57. Rf3+ Kg6 58. Rfd3 Qc4 59. Bd1 Qb4 60. Bg4 $1 Kg7 61. Bd1 Qc4 62. Bg4 Qc6+ 63. Bf3 Qd7 64. Kg1 Kf6 65. Rd1 g4 66. Bg2 Qa7 67. Bf1 Qc5 68. R1d2 Kg5 69. Rd1 Qb4 70. R1d2 Qb1 71. Kg2 Qb7+ 72. Kg1 Qb1 (72... Qd5 $17 73. a3 Qe4) 73. a3 (73. Kg2 $1 $11) 73... Qc1 74. Rd1 Qc5 75. R1d2 Qd5 ({Black should play} 75... Rd8 $17 {With the idea ...Qc1.} 76. Rb2 Qc6) 76. Bg2 (76. Rxd4 $11 Qxd4 77. Rxd4 Rxd4 78. Bb5) 76... Qc5 77. Bf1 $1 Rd8 78. Rd1 Rd5 79. Rb1 {[#]} Qc2 $1 {[%cal Rc2b1]} 80. Rbd1 Qc5 (80... Rd8 $17 81. Re1 Qc6) 81. R1d2 (81. Rb1 $1 $11) 81... Qa7 (81... Rd6 $17 {next ...Qc1 is good for Black.} 82. Re2 Qd5) 82. Rd1 (82. Rb2 $1 $11 {remains equal.}) 82... Qe7 {aiming for ...Qc5.} 83. R1d2 (83. Rb1 $11) 83... Re5 ({Better is} 83... Rd8 $17 84. Rb2 Qe4) 84. Rd1 Re4 85. Rb1 Qe5 86. Rb4 Re1 {( -> ...Qe2)} 87. Rbxd4 Qe2 {Accuracy: White = 52%, Black = 42%.} 1/2-1/2

[Event "Kragero Resort Chess A 2019"]
[Site "Kragero"]
[Date "2019.02.24"]
[Round "9.8"]
[White "Mikalsen, Erlend"]
[Black "Hobber, Anders"]
[Result "1/2-1/2"]
[WhiteElo "2406"]
[BlackElo "2312"]
[Annotator "TA"]
[PlyCount "32"]
[EventDate "2019.02.20"]
[EventType "swiss"]
[EventCountry "NOR"]
[SourceTitle "playchess.com"]
[Source "ChessBase"]
[SourceQuality "1"]

{[%evp 20,32,40,20,52,45,54,54,63,13,15,-51,-40,-36,-33]} 1. e4 e6 2. d4 d5 3. Nc3 Nf6 4. Bg5 dxe4 5. Nxe4 Nbd7 6. Nf3 Be7 7. Nxf6+ Bxf6 8. Bxf6 Qxf6 9. Qe2 O-O 10. O-O-O c5 11. Qe3 cxd4 {C13: French: Classical System: 4 Bg5 Be7, Alekhine-Chatard Attack} 12. Rxd4 Nb6 13. Bd3 $146 ({Predecessor:} 13. Ne5 Nd5 14. Qe4 Qxf2 15. Ng4 Qh4 16. g3 Qg5+ 17. Kb1 f5 18. Qe5 Qg6 19. Ne3 Nxe3 20. Qxe3 {1-0 (28) Hector,J (2507)-Blomstrom,L (2166) Vasteras 2018}) 13... Bd7 14. Ng5 g6 $1 {And now ...Nd5 would win.} 15. h4 (15. Ne4 $11 Qe7 16. Be2) 15... Nd5 $15 16. Qe4 $1 Bc6 1/2-1/2

[Event "Kragero Resort Chess A 2019"]
[Site "Kragero"]
[Date "2019.02.24"]
[Round "9.9"]
[White "Stefansson, Vignir Vatnar"]
[Black "Miedema, David"]
[Result "1/2-1/2"]
[WhiteElo "2263"]
[BlackElo "2356"]
[Annotator "TA"]
[PlyCount "47"]
[EventDate "2019.02.20"]
[EventType "swiss"]
[EventCountry "NOR"]
[SourceTitle "playchess.com"]
[Source "ChessBase"]
[SourceQuality "1"]

{[%evp 12,47,-2,-20,29,-12,-11,-38,-36,-40,22,35,29,30,50,44,36,33,53,56,64,50,62,31,33,34,41,29,60,0,0,2,0,0,31,41,32,0]} 1. d4 Nf6 2. c4 e6 3. g3 d5 4. Bg2 dxc4 5. Nf3 Nc6 {[%cal Bb8c6,Bc6a5,Ba5b3][%mdl 32]} 6. O-O Rb8 7. a4 Na5 {E04: Open Catalan: 5 Nf3} (7... a6 8. Nc3 Be7 9. e4 b5 10. axb5 axb5 11. Bf4 O-O 12. Re1 Nb4 13. Bf1 Nh5 14. Be3 Nf6 15. Bf4 Nh5 16. Be3 Nf6 17. b3 Bb7 18. Bf4 Nh5 19. Be3 Nf6 20. Bf4 Nh5 21. Be3 Nf6 {½-½ (21) Short,N (2680)-Kosic,D (2504) Warsaw 2013}) 8. Na3 a6 9. Ne5 $146 ({Predecessor:} 9. Bg5 Be7 10. Qc2 b5 11. axb5 axb5 12. Ne5 Bd7 13. Rad1 O-O 14. e4 Be8 15. d5 Qd6 {0-1 (45) Gurbanov,A (2339)-Manor,I (2453) Israel 2018}) 9... Nb3 {[%mdl 64] Double Attack. Black is slightly better.} 10. Rb1 Bxa3 (10... Qxd4 $15 11. Naxc4 Qxd1 12. Rxd1 Nd5) 11. bxa3 $11 Qxd4 {[#]} 12. Nxc4 $1 {[%mdl 512]} Qxd1 (12... Qxc4 13. Qxb3) 13. Rxd1 Nxc1 14. Rdxc1 Nd7 15. Na5 c6 16. Rb2 c5 17. Nxb7 Ke7 18. Rcb1 Bxb7 19. Bxb7 Kd6 20. Bxa6 (20. a5 $14) 20... Rxb2 21. Rxb2 Ra8 22. Rd2+ Kc7 23. Bb5 Nb6 24. Rc2 {Accuracy: White = 55%, Black = 41%.} 1/2-1/2

[Event "Kragero Resort Chess A 2019"]
[Site "Kragero"]
[Date "2019.02.24"]
[Round "9.10"]
[White "Fossum, Oystein Boyum"]
[Black "Gharibyan, Mamikon"]
[Result "0-1"]
[WhiteElo "2250"]
[BlackElo "2318"]
[Annotator "TA"]
[PlyCount "102"]
[EventDate "2019.02.20"]
[EventType "swiss"]
[EventCountry "NOR"]
[SourceTitle "playchess.com"]
[Source "ChessBase"]
[SourceQuality "1"]

{[%evp 9,102,8,10,25,19,4,16,16,20,17,14,0,14,0,0,0,0,0,1,3,41,46,41,31,43,41,71,12,33,7,16,11,14,0,0,-29,20,2,7,3,46,0,0,0,0,-31,-29,-25,-38,-71,-63,-197,-197,-176,-187,-227,-224,-229,-213,-412,-175,-294,-187,-327,-211,-422,-214,-475,-475,-475,-475,-475,-468,-466,-443,-781,-755,-818,-648,-1321,-1313,-990,-607,-612,-449,-517,-500,-569,-562,-627,-620,-614,-607,-586,-557]} 1. Nf3 d5 2. c4 e6 3. g3 dxc4 4. Qa4+ Bd7 5. Qxc4 c5 6. Bg2 {A13: English Opening: 1...e6} Bc6 7. O-O Nd7 8. d3 {The position is equal.} (8. Nc3 Ngf6 9. Rd1 Rc8 10. e4 a6 11. Qe2 e5 12. d3 h6 13. a4 Bd6 {1-0 (41) Wang,Y (2690)-Sebenik,M (2562) chess.com INT 2018}) 8... Ngf6 9. b3 Be7 10. Bb2 O-O 11. Nbd2 b5 12. Qc2 Qb6 13. e4 $146 ({Predecessor:} 13. a4 a6 {0-1 (74) Liu,Y (2505)-Chen,Q (2432) Tianjin 2018}) 13... Rfd8 14. a4 bxa4 15. bxa4 Qa6 16. Rfe1 Rab8 17. Bc3 Nb6 {[%cal Rc6a4]} 18. a5 ({Better is} 18. Ne5 $1 $16 {[%cal Re5c6]} Ba8 19. Reb1) 18... Na8 19. Ne5 Bb5 20. Nec4 Nc7 21. Be5 Qc8 22. Nb3 Be8 23. Reb1 Rb4 24. Bc3 Ra4 25. Nc1 Rxa1 26. Bxa1 Na6 27. Na2 Nb4 28. Nxb4 cxb4 29. Qe2 Bb5 30. Ne5 (30. Rc1 $15) 30... Qa6 $19 31. Qa2 Bxd3 32. Nxd3 Qxd3 33. Bxf6 gxf6 ({Resist} 33... Bxf6 34. Rxb4 Bd4 35. Rb7 $17) 34. Rb3 $2 (34. Qb3) 34... Qd1+ 35. Bf1 Bc5 36. Rb2 (36. Kg2 $142) 36... Qf3 37. Qc4 $2 (37. Rd2 Rxd2 38. Qxd2) 37... Bd4 (37... Rd1 $142 38. Qc2 {[#]} (38. Qxc5 $2 Qd3 $19) 38... b3 $1 {[%mdl 512]} 39. Rxb3 (39. Qxc5 $2 Qd3 $19) 39... Bxf2+ $1 {[%mdl 576] Deflection} 40. Qxf2 Qxb3 41. Qxf6 Qe3+ {[%mdl 64] Double Attack} 42. Qf2 Qd4 43. Qxd4 Rxd4) 38. Qxb4 $2 (38. Rd2 {keeps fighting.} Qxe4 39. a6) 38... Bxb2 {Black is clearly winning.} 39. Qxb2 {[%mdl 4096] Endgame KQR-KQB} Rd1 {Threatens to win with ...Qd3.} 40. Qc2 Re1 41. Qc8+ Kg7 {( -> ...Qe2)} 42. Qa6 (42. Qc2 $142) 42... Qxe4 43. Qb5 Qd4 44. a6 e5 45. Kg2 e4 46. Qf5 e3 47. fxe3 Qd2+ 48. Qf2 Qxe3 49. Qxe3 Rxe3 50. Kf2 Ra3 51. Be2 f5 {Accuracy: White = 23%, Black = 60%.} 0-1

[Event "Kragero Resort Chess A 2019"]
[Site "Kragero"]
[Date "2019.02.24"]
[Round "9.11"]
[White "Hasangatin, Ramil"]
[Black "Nordquelle, Daniel"]
[Result "1-0"]
[WhiteElo "2485"]
[BlackElo "2235"]
[Annotator "TA"]
[PlyCount "117"]
[EventDate "2019.02.20"]
[EventType "swiss"]
[EventCountry "NOR"]
[SourceTitle "playchess.com"]
[Source "ChessBase"]
[SourceQuality "1"]

{[%evp 13,117,10,16,16,17,6,14,0,0,0,0,-11,14,11,16,16,28,10,17,9,41,24,31,29,20,20,37,44,46,22,41,32,76,66,85,85,61,50,70,55,56,65,58,46,132,132,126,116,145,95,91,70,173,115,88,101,189,185,192,190,145,168,292,283,335,230,534,214,402,217,357,171,176,77,71,80,76,90,220,195,231,180,638,672,630,601,702,692,635,237,262,239,569,335,669,441,29964,29969,29965,29968,29991,29991,29991,29992,29993,29990]} 1. e4 c5 2. Nf3 d6 3. Bb5+ Nd7 4. d4 cxd4 5. Qxd4 a6 6. Bxd7+ Bxd7 7. Nc3 e5 8. Qd3 {B51: Sicilian: Moscow Variation (3 Bb5+) without 3...Bd7} h6 (8... Rc8 9. O-O Qc7 10. Rd1 Be6 11. a4 Nf6 12. Nd2 Be7 13. Nf1 Qc4 14. Ne3 Qxd3 15. Rxd3 Kd7 {½-½ (33) Xiong,J (2656)-Vachier Lagrave,M (2780) Douglas 2018}) 9. a4 $146 {[%cal Ba2a4,Ba4a5][%mdl 32]} ({Predecessor:} 9. Nd2 Rc8 10. Nc4 Be6 11. Ne3 Nf6 12. O-O Qc7 13. a4 Be7 14. Rd1 O-O 15. Bd2 Rfd8 {½-½ (28) Gharamian,T (2626)-Sasikiran,K (2677) Germany 2017}) 9... Nf6 10. a5 {The position is equal.} Be6 11. O-O Rc8 12. Rd1 Qc7 13. Nd2 Be7 14. Nf1 O-O 15. Ne3 Rfd8 16. Bd2 Rd7 17. Be1 Rcd8 18. Ncd5 Bxd5 $1 19. exd5 g6 20. Nc4 {And now Nb6 would win.} Bf8 21. Bd2 Re8 22. Ra4 Bg7 23. Nb6 Rde7 24. Rc4 Qb8 25. Qh3 Nh5 26. Bb4 Bf8 27. Qa3 Rd8 28. Rd3 Rc7 ({Black should play} 28... Nf4 $14) 29. Rdc3 $1 $36 {[%mdl 2048] Keeping Black busy.} Rxc4 30. Rxc4 f5 31. Qc3 Nf6 32. f3 Ne8 (32... Bg7 $14) 33. Kf1 (33. g4 $1 $18) 33... Bg7 34. Qa3 Bf8 (34... h5 $16) 35. Qd3 Kh7 36. g4 Ng7 37. Qc3 fxg4 (37... Kg8 {is a better defense.} 38. h3 f4) 38. fxg4 $18 Ne8 39. Ke2 Bg7 $2 {[#]} (39... Be7 {is more resistant.} 40. Rc8 Rxc8 41. Qxc8 Qxc8 42. Nxc8 Bf8) 40. Qa3 (40. g5 $142 $1 {[%mdl 512]}) 40... Bf8 $2 (40... Bf6 41. Bd2 Kg7) 41. Kd1 (41. Bd2 $142) 41... Nc7 (41... Be7 $142 42. Bd2 Kg7) 42. Qd3 (42. h4 $142) 42... Be7 {[#]} 43. Kc1 (43. g5 $1 $18) 43... Nb5 $16 44. Kb1 Rg8 45. Ka2 Qf8 (45... Kg7 $16 {was called for.}) 46. Rc8 $18 Qf7 {[#]} 47. c4 $1 {[%cal Rc4b5]} Nd4 $2 (47... Rxc8 48. Nxc8 Nd4) 48. Rc7 Rg7 {[#]} 49. Bxd6 $1 {[%mdl 512]} Qf6 (49... Bxd6 50. Rxf7) 50. Bxe7 Rxe7 51. Rxe7+ $2 (51. Nd7 Qd6 52. Rxb7 Rxd7 53. Rb6) 51... Qxe7 52. Qa3 Qe8 $2 (52... Qxa3+ 53. Kxa3 Kg7) 53. Qc5 h5 $2 (53... Qd8 54. d6 Nc6) 54. g5 e4 (54... Qf7 $18 55. Qc8 Kg7) 55. Qxd4 {White mates.} e3 56. d6 h4 57. d7 Qd8 58. Qxe3 h3 59. Qxh3+ {Accuracy: White = 56%, Black = 32%.} 1-0

[Event "Kragero Resort Chess A 2019"]
[Site "Kragero"]
[Date "2019.02.24"]
[Round "9.12"]
[White "Heimisson, Hilmir Freyr"]
[Black "Khachatryan, Vahagn"]
[Result "1/2-1/2"]
[WhiteElo "2394"]
[BlackElo "2274"]
[Annotator "TA"]
[PlyCount "36"]
[EventDate "2019.02.20"]
[EventType "swiss"]
[EventCountry "NOR"]
[SourceTitle "playchess.com"]
[Source "ChessBase"]
[SourceQuality "1"]

{[%evp 18,23,27,0,7,0,-5,-10]} 1. Nf3 d5 2. d4 Nf6 3. c4 c6 4. Nc3 e6 5. e3 Nbd7 6. Be2 dxc4 7. Bxc4 b5 8. Be2 Bb7 9. O-O a6 10. b3 c5 {D47: Semi-Slav: Meran System} 11. Bb2 Be7 12. Rc1 {Predecessor:} O-O $146 13. Qc2 Rc8 14. Qb1 Qb6 15. Rfd1 Rfd8 16. h3 h6 17. dxc5 Nxc5 18. Rxd8+ Rxd8 {0-1 (59) Mamedyarov,S (2817)-Carlsen,M (2835) St Petersburg 2018} 1/2-1/2

[Event "Kragero Resort Chess A 2019"]
[Site "Kragero"]
[Date "2019.02.24"]
[Round "9.13"]
[White "Kaasen, Tor Fredrik"]
[Black "Ranaldi, Lucas"]
[Result "0-1"]
[WhiteElo "2387"]
[BlackElo "2229"]
[Annotator "TA"]
[PlyCount "116"]
[EventDate "2019.02.20"]
[EventType "swiss"]
[EventCountry "NOR"]
[SourceTitle "playchess.com"]
[Source "ChessBase"]
[SourceQuality "1"]

{[%evp 22,116,-18,-24,-23,-30,-16,-26,-29,-41,-41,-50,0,-87,8,-94,-81,-187,-62,-136,-139,-115,-104,-108,-68,-56,-23,-109,-91,-91,-91,-92,-94,-255,-260,-247,-229,-221,-241,-443,-447,-441,-438,-421,-383,-490,-482,-749,-732,-726,-711,-994,-552,-791,-867,-820,-798,-1527,-989,-29958,-3990,-3067,-2339,-29958,-29960,-2589,0,-895,0,-791,-779,-29967,-29967,-29967,-29967,-29965,-29961,-29970,-29971,-29971,-29971,-29973,-29974,-29974,-29975,-29976,-29977,-29977,-29978,-29978,-29979,-29979,-29980,-29979,-29980,-29978,-29979]} 1. c4 c5 2. g3 Nc6 3. Bg2 g6 4. Nf3 Bg7 5. O-O e5 6. Nc3 d6 7. d3 Nge7 8. a3 a5 9. Rb1 O-O 10. Ne1 Be6 11. Nd5 Rb8 12. Bd2 b5 {A37: Symmetrical English vs ...g6: 4 Bg2 Bg7 5 Nf3} 13. b3 Bd7 14. Nc2 Nxd5 {Black has an edge.} 15. cxd5 $146 ({Predecessor:} 15. Bxd5 Ne7 16. Bg2 Be6 17. Ne3 Qc7 18. b4 cxb4 19. axb4 a4 20. Qc1 {0-1 (43) Ghasi,A (2475)-Lenic,L (2662) chess.com INT 2018}) 15... Nd4 16. e4 a4 17. b4 (17. Nxd4 $11 {keeps the balance.} exd4 18. bxa4) 17... Rc8 (17... c4 $17) 18. Ne3 (18. bxc5 $11 dxc5 19. Nxd4 exd4 20. Qe2) 18... f5 19. f4 (19. bxc5 $17 Rxc5 20. exf5) 19... fxe4 ({Black should try} 19... c4 $19 {And now ...c3 would win.} 20. dxc4 bxc4 21. fxe5 c3 22. Bxc3 Rxc3 23. Qxd4 Bxe5) 20. dxe4 (20. bxc5 $15 exf4 21. gxf4) 20... c4 {Threatens to win with ...c3.} 21. Bc3 Qe7 22. Nc2 {[%cal Rc3d4]} Nxc2 23. Qxc2 Bh6 {[%cal Re5f4]} 24. Qd2 (24. fxe5 $11 dxe5 25. Qb2) 24... Rf7 $1 $17 25. Rf2 Rcf8 {[%cal Re5f4]} 26. Rbf1 exf4 {[%mdl 64] Overworked Piece} 27. gxf4 $2 {[#]} (27. Rxf4 $17 Bxf4 28. gxf4) 27... Qh4 $1 $19 {[%cal Rh6f4]} 28. Qd4 {[%csl Gc3][%cal Rd4h8]} Bg7 29. e5 {[#]} Bh3 $1 30. Rf3 $2 (30. Qe3 {keeps fighting.} Bxg2 31. Kxg2) 30... Bxg2 31. Kxg2 Qg4+ 32. Rg3 Qe2+ 33. Rf2 dxe5 34. Qd2 (34. Qe3 $142 Qh5 35. Rgf3 exf4 36. Qe6) 34... Qe4+ 35. Kg1 Rxf4 36. Rxf4 Rxf4 37. h3 Rf3 38. Rxf3 Qxf3 39. d6 Qg3+ 40. Kh1 Qxh3+ 41. Kg1 Qg3+ 42. Kf1 Qf3+ 43. Kg1 Qg3+ 44. Kf1 Qf3+ 45. Kg1 $1 {intending d7.} Qd3 46. Qxd3 cxd3 {[%mdl 4096] Endgame KB-KB. Black mates.} 47. d7 Bf6 48. Kf2 Kf7 49. Bxe5 Bh4+ ({Worse is} 49... Bg5 50. Bc7 $11) 50. Ke3 Ke7 51. Kxd3 Kxd7 52. Kd4 Kc6 53. Ke4 Bg5 54. Bb2 h5 55. Ke5 h4 56. Ke4 h3 57. Kf3 h2 58. Kg2 Bf4 {Accuracy: White = 25%, Black = 65%.} 0-1

[Event "Kragero Resort Chess A 2019"]
[Site "Kragero"]
[Date "2019.02.24"]
[Round "9.14"]
[White "Ragnarsson, Dagur"]
[Black "Lund, Gunnar"]
[Result "1-0"]
[WhiteElo "2361"]
[BlackElo "2211"]
[Annotator "TA"]
[PlyCount "87"]
[EventDate "2019.02.20"]
[EventType "swiss"]
[EventCountry "NOR"]
[SourceTitle "playchess.com"]
[Source "ChessBase"]
[SourceQuality "1"]

{[%evp 13,87,50,78,69,87,77,90,38,68,70,101,97,95,103,106,92,102,96,109,78,81,88,110,82,85,76,95,0,52,12,8,12,17,7,46,46,62,41,44,0,0,7,13,0,74,82,79,36,61,66,49,61,79,78,82,82,87,43,49,37,32,17,20,7,197,193,199,185,283,291,281,272,270,264,346,335]} 1. d4 d6 2. Nf3 g6 3. c4 Bg7 4. Nc3 Nd7 5. e4 e5 6. Be2 Ne7 7. h4 h6 8. Be3 {A42: Modern Defence: Averbakh Variation} (8. g4 Nb6 9. g5 hxg5 10. Bxg5 Bg4 11. d5 f6 12. Be3 Bh6 13. Qd3 Bh5 14. O-O-O Kf7 15. Rdg1 Qd7 16. Bxh6 Rxh6 {0-1 (51) Meier,G (2654)-Caruana,F (2805) Dortmund 2015}) 8... f5 9. dxe5 dxe5 10. g3 (10. exf5 $16 gxf5 11. g3) 10... O-O 11. c5 {Threatens to win with Bc4+.} Nf6 $146 ({Predecessor:} 11... f4 12. gxf4 exf4 13. Bd4 Nc6 14. Qb3+ Kh8 15. Bxg7+ Kxg7 {1-0 (25) Flear,G (2483)-Dussol,P (2205) Saint Affrique 2011}) 12. Bc4+ ({Of course not} 12. Nxe5 Nxe4 13. Bc4+ Kh7 $14) 12... Kh8 13. Qxd8 Rxd8 14. Nxe5 Kh7 15. Nf7 Rf8 16. e5 Ng4 17. Nb5 Nxe5 18. Nxe5 Bxe5 19. O-O-O a6 20. Na3 ({Better is} 20. Nd4 $16) 20... Nc6 (20... f4 $11 21. Bxf4 Bxf4+ 22. gxf4 Rxf4) 21. Rhe1 f4 $132 {[%mdl 2048] Black puts up resistance} 22. gxf4 Bf6 23. h5 Bf5 24. hxg6+ Kxg6 25. Rg1+ Kh7 26. Bd3 Bxd3 27. Rxd3 {[#] aiming for Rd7+.} Rad8 28. Rb3 Na5 (28... Nd4 $1 $11 29. Bxd4 Rxd4) 29. Rb4 $16 Rd5 30. Nc2 Re8 31. Rh1 h5 32. Ne1 Kg6 33. Nf3 Kf7 34. Ng5+ Kg6 35. Rg1 {Ne6+ is the strong threat.} Kf5 36. Nf7 Ke6 37. Nh6 Kd7 38. Rg6 Bh8 $2 {[#]} (38... Rf8 $1 $11) 39. Rg5 $1 $18 {[%cal Rg5d5]} Kc6 40. Ra4 Rxg5 (40... b6 {might work better.} 41. Nf5 Bf6 42. Rxh5 Nb7 43. cxb6 (43. Rxa6 Nxc5 44. Ra3 Re4 $14) 43... Nc5) 41. fxg5 {White has a decisive advantage.} Kb5 42. b3 Nc6 43. Rh4 {White threatens a4+ and mate.} Ne5 44. Rxh5 {Accuracy: White = 65%, Black = 49%.} 1-0

[Event "Kragero Resort Chess A 2019"]
[Site "Kragero"]
[Date "2019.02.24"]
[Round "9.15"]
[White "Mihajlov, Sebastian"]
[Black "Wedda, Dries"]
[Result "1-0"]
[WhiteElo "2357"]
[BlackElo "2173"]
[Annotator "TA"]
[PlyCount "71"]
[EventDate "2019.02.20"]
[EventType "swiss"]
[EventCountry "NOR"]
[SourceTitle "playchess.com"]
[Source "ChessBase"]
[SourceQuality "1"]

{[%evp 19,71,55,55,52,42,-69,-19,-36,1,0,18,17,91,27,24,28,20,36,26,37,49,12,141,130,147,119,458,440,458,440,521,495,504,496,451,383,910,554,725,706,907,496,447,337,408,431,877,872,843,847,1183,1158,1157,1015]} 1. d4 Nf6 2. c4 e6 3. Nf3 c5 4. d5 d6 5. Nc3 exd5 6. cxd5 g6 7. Bf4 Bg7 8. Qa4+ Bd7 9. Qb3 b5 10. Bxd6 Qb6 11. Be5 $1 {A61: Modern Benoni: Nf3 without early e4} O-O 12. e4 $146 (12. e3 $14) ({Predecessor:} 12. e3 b4 13. Nb1 Bf5 14. Nbd2 Nbd7 15. Bg3 a5 16. Nc4 a4 17. Qd1 Qb7 18. Nd6 Qxd5 {0-1 (51) Cori Tello,J (2659)-Flores,D (2614) Montevideo 2018}) 12... c4 {[%mdl 1024] Black has compensation.} 13. Qc2 {The position is equal.} Re8 {Threatens to win with ...Nxe4.} 14. Be2 Ng4 15. Bg3 f5 (15... Na6 $11 {remains equal.}) 16. h3 ({White should try} 16. O-O $16) 16... fxe4 $11 17. hxg4 exf3 18. gxf3 Na6 19. Kf1 Rac8 20. Ne4 {Black must now prevent Rd1.} Nc5 (20... Qd4 $11) 21. Nd6 $36 {[%mdl 2112] [#] Double Attack. Keeping Black busy.} Na4 22. Rb1 b4 $2 {[%mdl 8192]} (22... Rcd8 $16 {is more resistant.} 23. Nxe8 Rxe8) 23. Nxe8 $18 Bxe8 24. Kg2 c3 25. b3 Nc5 26. Bc4 Bf7 27. Rbd1 Bf8 $2 (27... Qf6 28. Rhe1 Bf8) 28. Be5 {[#] Strongly threatening Rxh7!} Nd7 29. Bd4 Bc5 30. Bxc5 Qxc5 31. Qc1 Qf8 32. Qg5 Nb6 (32... Qd6 $142 33. Rde1 Qf6) 33. d6 Bxc4 34. bxc4 Nd7 35. Qd5+ Kh8 36. Qb7 {Accuracy: White = 57%, Black = 31%.} 1-0